000
00309nam a22001457a 4500
008
210222b ||||| |||| 00| 0 eng d
020
_a
2900195380230
041
_a
eng
080
_2
3rd
_a
316
082
_a
316
100
_a
50
101
_a
SOC
245
_a
Social Problems
_c
Heiner, R
942
_2
udc
_c
BK
999
_c
55102
_d
55102